[Event "Marmaris Karya-13 IM 2022"]
[Site "Icmeler-Marmaris"]
[Date "2022.01.26"]
[Round "2.5"]
[White "Kaya, Serhat"]
[Black "Ahmad, Al Khatib"]
[Result "0-1"]
[WhiteElo "1705"]
[BlackElo "2218"]
[Annotator "TA"]
[PlyCount "98"]
[EventDate "2022.01.27"]
[EventType "schev"]
[EventCountry "TUR"]
[SourceTitle "playchess.com"]
[Source "ChessBase"]
[SourceQuality "1"]

{[%evp 13,98,13,15,0,0,0,0,0,0,-4,18,13,16,0,8,-22,-16,-50,-57,-50,-58,-50,-64,-84,-84,-94,-83,-179,-179,-202,-168,-183,-127,-153,-146,-131,-105,-85,-101,-178,-181,-159,-160,-195,-183,-181,-195,-232,-195,-269,-260,-314,-267,-281,-277,-427,-427,-427,-425,-420,-424,-427,-367,-418,-418,-394,-403,-510,-510,-501,-482,-361,-318,-512,-509,-499,-477,-590,-582,-604,-595,-824,-533,-516,-481,-29985,-29986]} 1. d4 Nf6 2. c4 e6 3. Nf3 d5 4. Nc3 Bb4 5. Bg5 h6 6. Bxf6 Qxf6 7. Qb3 c5 {[%cal Oc5d4]} 8. dxc5 {D38: Queen's Gambit Declined: Ragozin Defence (4 Nf3 Bb4).} Bxc3+ 9. bxc3 dxc4 10. Qxc4 {The position is equal.} O-O {[#]} 11. Qd4 $146 ({Predecessor:} 11. e4 e5 12. Be2 Be6 13. Qb5 Nd7 14. O-O Rfc8 15. c6 bxc6 16. Qa5 Qf4 17. Rfe1 {1-0 (40) Zuferi,E (2210)-Tschann,S (2262) Saarbruecken 2015}) 11... Rd8 12. Qxf6 gxf6 13. e4 Bd7 14. Rd1 {[%cal Of1b5]} Rc8 15. Rd4 Rxc5 16. Kd2 Be8 17. Be2 Nd7 18. Rb1 Nb6 19. Rb3 {[#]} Ra5 $1 {Inhibits Ra3.} 20. h4 (20. Rb2 $17 {might work better.}) 20... Rxa2+ $19 21. Ke3 Rc8 {White must now prevent ...Ba4.} 22. c4 Ra5 ({Worse is} 22... Ba4 23. Rc3 $17) (22... e5 $19 23. Rd2 Ra4) 23. Nh2 Kf8 24. Ng4 Ke7 25. Nxh6 Ba4 26. Rc3 (26. Ra3 $17) 26... Rh8 27. Ng4 Rxh4 28. f4 Bc6 29. Bf3 Nd7 {Prevents e5.} 30. Kf2 Rh1 31. Ne3 (31. Rd2 $142) 31... Rha1 32. Kg3 R1a3 33. Rxa3 Rxa3 34. Nc2 (34. Kf2 $142) 34... Rc3 35. Nb4 a5 36. Nxc6+ bxc6 {[%mdl 4096] Endgame KRB-KRN} 37. Rd2 Rxc4 38. Ra2 a4 39. Kf2 Nc5 40. e5 fxe5 41. fxe5 Nd3+ 42. Ke3 Nxe5 43. Be2 (43. Bd1) 43... Rb4 44. Kd2 c5 45. Bd1 Nc4+ 46. Kc3 Nb6 47. g4 Rd4 48. Kc2 Nd5 {( -> ...Nb4+)} 49. Kc1 {[#]} (49. Ra3 $19) 49... Rxd1+ $1 {Weighted Error Value: White=0.41/Black=0.14 (very precise)} 0-1

[Event "Marmaris Karya-13 IM 2022"]
[Site "Icmeler-Marmaris"]
[Date "2022.01.26"]
[Round "3.1"]
[White "Sibashvili, Giorgi"]
[Black "Boshra, Alshaeby"]
[Result "1-0"]
[WhiteElo "2398"]
[BlackElo "1974"]
[Annotator "TA"]
[PlyCount "91"]
[EventDate "2022.01.27"]
[EventType "schev"]
[EventCountry "TUR"]
[SourceTitle "playchess.com"]
[Source "ChessBase"]
[SourceQuality "1"]

{[%evp 20,91,-2,-37,-33,-46,-50,-45,-42,-45,-51,-88,-106,-103,-94,-149,-162,-195,-190,-170,-162,-152,-7,-16,50,17,37,0,0,-153,-155,-143,-146,-141,-141,-139,-140,-225,-208,-229,-163,-151,-152,-137,-97,-88,0,0,0,0,0,0,0,0,216,207,564,565,543,483,520,683,723,692,633,493,1668,1604,1685,1573,1397,1191,1280,1107]} 1. c4 Nf6 2. g3 g6 3. Bg2 Bg7 4. Nc3 O-O 5. e4 d6 6. Nge2 c5 7. O-O Nc6 8. d3 Nd4 9. Nxd4 cxd4 10. Ne2 Nd7 {[%cal Bf6d7,Bd7c5,Bc5b3,Bb3c1][%mdl 32]} 11. Rb1 a5 {[%cal Ba7a5,Ba5a4][%mdl 32] A36: Symmetrical English vs ...g6: 4 Bg2 Bg7.} 12. b3 e5 {[#]} 13. f4 $146 ({Predecessor:} 13. a3 b6 14. b4 axb4 15. axb4 Bb7 16. Qb3 Kh8 17. Bd2 f6 18. Ra1 Qc7 19. Qb2 Rxa1 20. Rxa1 {½-½ (35) Widera,J (2040)-Koc,W (2182) Polanica Zdroj 2010}) 13... Nc5 {Black is slightly better.} 14. a3 Bd7 15. f5 a4 16. b4 Nb3 17. Bb2 (17. b5 $142) 17... Bh6 $1 $17 18. Bc1 Nxc1 19. Nxc1 Be3+ 20. Kh1 Qg5 (20... b5 $1 $17 21. cxb5 Bxb5) 21. b5 $1 $11 h5 (21... d5 $11) 22. Na2 (22. Bh3 $5 {[%cal Rc1a2]}) 22... h4 23. g4 h3 $36 {[%mdl 2048] Black is more active.} 24. Bxh3 (24. Bf3 $1 $11) 24... Kg7 $1 $17 25. f6+ Kh7 $1 26. Nb4 {[#]} Be6 27. Qf3 Rh8 (27... Bf4 28. Nc2 $17) 28. Nd5 {To avoid Bf4} (28. Nc2 $17 Bd2 29. Qg2) 28... Bxd5 $19 29. exd5 {[%cal Oc4c5]} Kg8 30. Bg2 Rh4 31. h3 {[%cal Oc4c5]} b6 32. c5 bxc5 (32... dxc5 $17 {Threatens to win with ...Rd8.} 33. Rbe1 (33. d6 Rd8 $17) 33... Rd8) 33. b6 $11 Rb8 34. b7 Bf4 35. Qd1 Qxf6 36. Qxa4 Qh8 $2 {[#]} (36... Rxg4 $11 37. Qa7 Qd8) 37. Rf3 $1 $18 g5 $2 (37... Rxg4 {is more resistant.} 38. Qd7 Rh4 39. Qxd6 Kg7) 38. Qd7 {White is clearly winning.} Kg7 39. a4 {[%cal Ba3a4,Ba4a5,Ba5a6,Ba6a7][%mdl 32] Black must now prevent a5.} c4 40. a5 c3 41. a6 c2 42. Rc1 Qd8 (42... e4 $142 43. Rxf4 gxf4 44. Qxd6 exd3 45. Qe5+ (45. Qxf4 Qh6 $11) 45... f6 46. Qc7+ (46. Qxf4 Rxh3+ 47. Kg1 Qh6 $11) 46... Kg6 47. Qxf4 Rxh3+ 48. Kg1 (48. Bxh3 $2 Qxh3+ 49. Kg1 d2 $19) 48... Kf7 49. Qc7+ Kg6) 43. Qxd8 Rxd8 44. Rxc2 {aiming for Rc8.} Rhh8 45. a7 {Hoping for Rff2.} e4 46. dxe4 {What a fight!  Weighted Error Value: White=0.20 (precise) /Black=0.42} 1-0

[Event "Marmaris Karya-13 IM 2022"]
[Site "Icmeler-Marmaris"]
[Date "2022.01.26"]
[Round "3.2"]
[White "Blesic, Vaso"]
[Black "Haussernot, Cecile"]
[Result "1/2-1/2"]
[WhiteElo "2276"]
[BlackElo "2188"]
[Annotator "TA"]
[PlyCount "90"]
[EventDate "2022.01.27"]
[EventType "schev"]
[EventCountry "TUR"]
[SourceTitle "playchess.com"]
[Source "ChessBase"]
[SourceQuality "1"]

{[%evp 9,90,16,24,18,22,12,10,0,6,0,0,0,41,31,33,12,33,22,32,9,36,30,25,0,0,0,0,0,0,0,0,0,0,0,55,62,59,36,101,106,137,145,139,149,234,232,227,230,226,232,222,225,295,291,314,242,249,242,279,286,271,279,256,199,206,172,229,214,189,166,278,167,182,0,0,0,0,0,0,0,0,0,0]} 1. Nf3 d5 2. g3 g6 3. Bg2 Bg7 4. O-O Nf6 5. c4 d4 6. b4 {A07: Réti Opening: New York and Capablanca Systems.} O-O 7. Bb2 c5 {[#]} 8. Na3 $146 ({Predecessor:} 8. d3 Nc6 9. b5 Nb8 10. e3 dxe3 11. fxe3 Bf5 12. Ne1 Qc7 13. Nc3 Nbd7 14. Qe2 Rad8 15. Rd1 Ne5 16. Rd2 {0-1 (36) Mekhitarian,K (2554)-Mareco,S (2629) Tornelo INT 2021}) 8... Nfd7 9. d3 e5 10. Nc2 f5 (10... a5 $11 {is superior.}) 11. Nd2 (11. bxc5 {seems wilder.} Nxc5 12. e3 e4 13. dxe4 d3 14. Bxg7 Kxg7 15. Nb4) 11... Na6 12. Ba3 Rb8 13. bxc5 Ndxc5 14. Nb4 Nxb4 15. Bxb4 Qc7 16. Bxc5 (16. Nb3 {is interesting.} b6 17. Bd5+ Kh8 18. Rb1 a5 19. Ba3) 16... Qxc5 17. Qa4 {Prevents Bd7.} a6 18. Rab1 Rd8 19. Qb4 Qxb4 20. Rxb4 Bf8 21. Rb2 Bc5 (21... b5 $11) 22. Nb3 $14 Ba3 23. Rbb1 b6 {[#] Inhibits Na5.} (23... b5 $14) 24. Na5 $1 $16 {[%mdl 512] Threatens to win with Nc6.} Bd7 (24... Rd6 25. Nc6) 25. Bd5+ Kg7 26. Nb7 {White is more active.} Rxb7 (26... Rdc8 $16) 27. Bxb7 $18 Bc5 28. Bxa6 Ra8 29. Bb7 {[%cal Ba6b7,Bb7f3,Bf3g2][%mdl 32]} Rxa2 30. Ra1 Rd2 31. Rfd1 Rc2 32. Bf3 {aiming for Ra7.} Be6 33. Ra7+ Kh6 34. Kf1 e4 35. Bg2 (35. dxe4 fxe4 36. Bxe4 Bh3+ 37. Kg1 (37. Bg2 d3 $11) 37... Rxe2 $16) 35... Bg8 36. Ra8 (36. dxe4 $2 Bxc4 37. Kg1 Bxe2 $19) 36... Bf7 37. Rd8 (37. dxe4 $2 Bxc4 38. Kg1 Bxe2 $19) 37... Kg5 (37... Ra2 {might work better.} 38. h4 (38. dxe4 Bxc4 39. Re1 d3 $15) 38... Be6) 38. Rd7 (38. dxe4 Bxc4 39. f4+ Kf6 40. e5+ Ke7 41. R1xd4 Bxe2+ 42. Ke1 Bb5 $11) 38... Kf6 39. Rc7 (39. dxe4 Bxc4 40. Re1 d3 41. exd3 {[#]} Bxd3+ $1 42. Rxd3 Rxf2+ 43. Kg1 Rf3+ 44. Kh1 Rxd3 $17) 39... h6 (39... g5 $142 40. g4 (40. dxe4 Bxc4 41. e5+ Kxe5 $17) 40... Bg6 41. Rc6+ Ke5 42. gxf5 Bxf5 43. Bxe4 Bxe4 44. dxe4 Kxe4) 40. Rc6+ ({Weaker is} 40. dxe4 Bxc4 41. Rc6+ Ke7 $11) 40... Ke7 41. Ra1 $2 ({Stronger than} 41. dxe4 Bxc4 42. Kg1 Bxe2 $11) ({White should try} 41. Rc8 $18) 41... Kd7 $1 $11 {The position is equal.} 42. Rf6 Ke7 43. Rc6 Kd7 $1 44. Rf6 Ke7 45. Rc6 {[%cal Og2e4] Black must now prevent Bxe4!} Kd7 $1 {Weighted Error Value: White=0.14 (very precise) /Black=0.15 (very precise)} 1/2-1/2

[Event "Marmaris Karya-13 IM 2022"]
[Site "Icmeler-Marmaris"]
[Date "2022.01.26"]
[Round "3.3"]
[White "Darban, Morteza"]
[Black "Kirilmaz, Emre"]
[Result "1/2-1/2"]
[WhiteElo "2261"]
[BlackElo "2229"]
[Annotator "TA"]
[PlyCount "133"]
[EventDate "2022.01.27"]
[EventType "schev"]
[EventCountry "TUR"]
[SourceTitle "playchess.com"]
[Source "ChessBase"]
[SourceQuality "1"]

{[%evp 18,133,38,39,30,36,36,32,41,55,89,106,80,87,77,88,72,0,0,0,311,0,0,0,0,0,51,-33,141,0,0,0,0,0,0,0,12,-162,-101,-104,-106,-106,-100,-100,-100,-89,-88,-101,-56,-45,-50,-54,0,0,-17,-15,0,0,0,-18,0,0,0,0,0,0,0,0,0,0,0,0,0,0,0,0,0,0,0,0,0,0,0,0,0,0,0,0,0,0,0,0,0,0,0,0,0,0,0,0,0,0,0,0,0,0,0,0,0,0,0,0,0,0,0,0,0,0]} 1. e4 e6 2. d4 d5 3. Nd2 dxe4 4. Nxe4 Bd7 5. Nf3 Bc6 6. Bd3 Nd7 7. O-O Ngf6 8. Ng3 Be7 9. c4 O-O 10. b3 b6 {C10: French with 3 Nc3: Unusual Black 3rd moves and 3...dxe4.} 11. Bb2 Bb7 12. Qe2 c5 {White is slightly better.} 13. Rad1 {[%cal Od4d5]} Qc7 14. d5 $1 exd5 {[#]} 15. Nf5 $146 ({Predecessor:} 15. cxd5 Rfe8 16. Bc4 Bd6 17. Qd2 Ne5 18. Nxe5 Bxe5 19. Bxe5 Qxe5 20. Rfe1 Qd4 21. Rxe8+ Rxe8 22. Qxd4 cxd4 23. Rxd4 {½-½ (60) Wang,J (2335)-Zatonskih,A (2453) China 2017}) 15... Bd6 16. cxd5 $1 {White is more active.} Bxd5 17. Bb5 (17. Qe3 $16 {Black must now prevent Qg5.} Bf4 18. Ne7+ Kh8 19. Nxd5 $1 Nxd5 20. Qe4) 17... Bxf3 $11 18. Qxf3 Bxh2+ 19. Kh1 Be5 20. Bxe5 Nxe5 21. Qg3 {[%csl Gf5][%cal Rg3g7]} Nh5 ({Black should try} 21... g6 $11) 22. Qh4 {[#]} ({White should play} 22. Qg5 $14 g6 23. Ne7+ Kh8 24. Nd5) 22... g6 $2 {[#]} (22... a6 $1 $15 {keeps the upper hand.} 23. Ne7+ Kh8) 23. Ne7+ ({Only move:} 23. f4 $1 $16 {[%cal Rf4e5]} a6 24. Nh6+ Kg7 25. Be2 Kxh6 26. Bxh5) 23... Kg7 24. f4 a6 25. Be2 Nc6 26. Nxc6 Qxc6 27. f5 $2 {[#]} ({Reject} 27. Bxh5 gxh5 28. Qxh5 Rae8 $15) (27. Bf3 $11 {and White stays safe.} Qf6 28. Qxf6+ Kxf6 29. Bxh5 (29. Rd6+ Ke7 $15)) 27... Qf6 (27... Qe4 $1 $19 {[%cal Re4h4][%mdl 512]} 28. Qxe4 (28. f6+ Kg8 $17) 28... Ng3+ 29. Kh2 Nxe4) 28. Qh2 {And now fxg6 would win.} Qg5 {Strongly threatening ...Ng3+.} 29. Bxh5 Qxh5 30. Qxh5 gxh5 $17 {[%mdl 4096] Endgame KRR-KRR} 31. Rd6 b5 32. Rf3 f6 (32... c4 $17 33. Rg3+ Kh8 34. bxc4 bxc4) 33. Rc3 $15 Rfd8 34. Rc6 Rd5 35. Rg3+ {The position is equal.} Kh8 36. Rxf6 Rg8 37. Kh2 a5 38. Rb6 c4 ({Don't take} 38... Rxf5 39. Rxb5 a4 40. bxa4 $14) 39. bxc4 bxc4 40. Rc6 Rxf5 41. Rxc4 Rg6 42. Rc7 Rf2 43. a3 Ra2 44. Rcc3 Kg7 45. Kh3 Kh6 46. Rcd3 Rb2 47. Rd5 Rxg3+ 48. Kxg3 $11 {KR-KR} Rb3+ 49. Kh4 Rxa3 {aiming for ...Ra4+.} 50. Rd6+ Kg7 51. Kxh5 Ra2 52. g4 Rh2+ 53. Kg5 h6+ 54. Kf5 Rf2+ 55. Ke5 Rb2 56. Ra6 Rb5+ 57. Kf4 Rb4+ 58. Kf5 a4 59. Rg6+ Kh7 60. Ra6 Rc4 61. Ra7+ Kg8 62. Ra6 Kg7 63. Rg6+ Kf7 {( -> ...Rc5+)} 64. Rxh6 Rc5+ 65. Ke4 Ra5 66. Rh2 Kg6 67. Ra2 {Weighted Error Value: White=0.13 (very precise) /Black=0.15 (very precise)} 1/2-1/2

[Event "Marmaris Karya-13 IM 2022"]
[Site "Icmeler-Marmaris"]
[Date "2022.01.26"]
[Round "3.4"]
[White "Ozsakallioglu, Okan"]
[Black "Kaya, Serhat"]
[Result "1-0"]
[WhiteElo "2179"]
[BlackElo "1705"]
[Annotator "TA"]
[PlyCount "31"]
[EventDate "2022.01.27"]
[EventType "schev"]
[EventCountry "TUR"]
[SourceTitle "playchess.com"]
[Source "ChessBase"]
[SourceQuality "1"]

{[%evp 17,31,24,26,0,0,-24,215,212,431,244,547,537,1303,637,29998,29999]} 1. e4 Nc6 2. Nc3 e5 3. Nf3 Nf6 4. Bb5 {[%cal Bf1b5,Bb5a4,Ba4b3][%mdl 32]} Bc5 5. O-O O-O 6. d3 Re8 7. Bg5 a6 8. Ba4 b5 9. Bb3 Be7 {[#]} 10. Nh4 $146 {aiming for Nf5. C49: Four Knights: 4 Bb5 Bb4.} ({Predecessor:} 10. Bxf6 Bxf6 11. a4 b4 12. Nd5 Na5 13. Ba2 Rb8 14. Qd2 c5 15. Nxf6+ Qxf6 16. Bd5 Bb7 17. Ng5 Bxd5 18. exd5 {0-1 (44) Martin,J (2319)-Moussard,J (2573) Karlsruhe 2017}) 10... Nd4 {[%cal Od7d5]} (10... Nxe4 $2 11. Nxe4 d5 12. Bxe7 Rxe7 13. Ng3 $18) 11. f4 h6 $2 (11... exf4 $1 $11 12. Nf3 Nxb3 13. axb3 d5) 12. fxe5 $18 {[%cal Ob3f7] Strongly threatening Bxf7+! White is clearly better.} Nxb3 (12... hxg5 13. Bxf7+ (13. exf6 Bxf6 14. Bxf7+ Kxf7 $16) 13... Kxf7) 13. exf6 ({Worse is} 13. axb3 hxg5 14. exf6 Bxf6 $11) (13. Bxf6 $142 gxf6 14. Nf5 (14. cxb3 fxe5 15. Qg4+ Kh8 $18) 14... Bc5+ 15. Kh1) 13... Bc5+ $2 (13... hxg5 14. fxe7 (14. axb3 Bxf6 15. Nf5 d6 $11) 14... Rxe7) 14. Kh1 {[%cal Od1h5] Qh5! is the strong threat.} Nxa1 {[#]} 15. Bxh6 $1 {[%mdl 512]} gxh6 (15... Re5 16. Qg4) 16. Qg4+ {Black did not feel at home in the position after the opening.  Weighted Error Value: White=0.98/Black=2.14} 1-0

[Event "Marmaris Karya-13 IM 2022"]
[Site "Icmeler-Marmaris"]
[Date "2022.01.26"]
[Round "3.5"]
[White "Ahmad, Al Khatib"]
[Black "Karadag, Eflatun Cem"]
[Result "1-0"]
[WhiteElo "2218"]
[BlackElo "1827"]
[Annotator "TA"]
[PlyCount "65"]
[EventDate "2022.01.27"]
[EventType "schev"]
[EventCountry "TUR"]
[SourceTitle "playchess.com"]
[Source "ChessBase"]
[SourceQuality "1"]

{[%evp 9,65,32,57,23,14,25,36,31,41,41,38,46,54,50,48,34,35,4,57,47,44,26,99,100,118,122,155,149,165,179,292,279,252,164,335,362,573,571,643,396,727,681,739,530,645,572,645,640,636,630,571,613,29995,29995,29997,29998,29998,29999]} 1. e4 e5 2. Nf3 d6 3. d4 Nf6 4. Nc3 Be7 5. g3 O-O 6. Bg2 {C41: Philidor Defence.} Re8 7. O-O exd4 8. Nxd4 {[%cal Bf3d4,Bd4e2,Be2g3][%mdl 32] White is slightly better.} h6 9. h3 Bf8 10. Re1 Nbd7 {[#]} 11. g4 $146 ({Predecessor:} 11. a4 c6 12. b3 Nc5 13. Kh2 a5 14. Bb2 Qc7 15. f4 Bd7 16. Re2 g6 17. Qe1 {1-0 (67) Oender,E (2341)-Zunkovic,S (2291) ICCF email 2019}) 11... g6 12. Nde2 Rb8 13. a4 a5 ({Black should play} 13... b6 $11) 14. Ng3 Nc5 15. Be3 Na6 (15... Nfd7 $11) 16. Qd2 $16 {White is more active. White leaves nothing to chance now.} Nb4 17. Rad1 Kh7 18. f4 {[%cal Bf2f4,Bf4g5][%mdl 32]} Bd7 19. g5 hxg5 (19... Ng8 $142 20. e5 Bc6) 20. fxg5 $18 Ng8 21. Qf2 {[%cal Oe4e5]} Be6 $2 (21... Bg7 22. Rf1 (22. Qxf7 Rf8 $11) 22... Re5) 22. Nf5 gxf5 (22... Bxf5 {keeps fighting.} 23. exf5 Rxe3) 23. exf5 Bd7 {[%cal Oe8e3]} 24. Rd4 Rxe3 $2 (24... Nh6) 25. Rxe3 Qxg5 {[#] And now ...Bh6 would win.} 26. Rg4 Qd8 27. Ne4 Bh6 {Prevents Ng5+. Threatens to win with ...d5.} 28. Reg3 Nf6 29. Ng5+ Bxg5 30. Rxg5 {White threatens Qd4 and mate.} Qe7 31. Qf4 {White mates.} Kh8 32. Qh4+ Nh7 {[#]} 33. Qxh7+ $1 {[%mdl 512] Weighted Error Value: White=0.26 (precise) /Black=0.59} 1-0

[Event "Marmaris Karya-13 IM 2022"]
[Site "Icmeler-Marmaris"]
[Date "2022.01.26"]
[Round "4.1"]
[White "Haussernot, Cecile"]
[Black "Sibashvili, Giorgi"]
[Result "1/2-1/2"]
[WhiteElo "2188"]
[BlackElo "2398"]
[Annotator "TA"]
[PlyCount "26"]
[EventDate "2022.01.27"]
[EventType "schev"]
[EventCountry "TUR"]
[SourceTitle "playchess.com"]
[Source "ChessBase"]
[SourceQuality "1"]

{[%evp 25,26,0,47]} 1. e4 e5 2. Nf3 Nc6 3. Bb5 a6 4. Ba4 Nf6 5. O-O Be7 6. Re1 b5 7. Bb3 O-O 8. c3 d6 9. h3 Re8 {[#]} 10. Ng5 $146 ({Predecessor:} 10. d4 Bb7 11. Nbd2 Bf8 12. a3 h6 13. Bc2 Nb8 14. b3 Nbd7 15. Bb2 Rb8 16. Rb1 g6 17. Bd3 c6 18. Qc2 Nh5 19. Bf1 Ng7 20. dxe5 dxe5 21. c4 Rc8 22. Rbd1 Qe7 {1-0 (63) Firouzja,A (2770)-Predke,A (2666) Riga 2021}) 10... Rf8 11. Nf3 Re8 12. Ng5 Rf8 13. Nf3 Re8 {13...Nb8 is a critical line.} 1/2-1/2

[Event "Marmaris Karya-13 IM 2022"]
[Site "Icmeler-Marmaris"]
[Date "2022.01.26"]
[Round "4.2"]
[White "Kirilmaz, Emre"]
[Black "Blesic, Vaso"]
[Result "1/2-1/2"]
[WhiteElo "2229"]
[BlackElo "2276"]
[Annotator "TA"]
[PlyCount "51"]
[EventDate "2022.01.27"]
[EventType "schev"]
[EventCountry "TUR"]
[SourceTitle "playchess.com"]
[Source "ChessBase"]
[SourceQuality "1"]

{[%evp 16,51,15,-4,8,15,29,40,71,68,87,60,108,104,110,102,128,52,78,20,16,17,9,0,0,0,0,0,24,10,98,14,51,0,96,0,19,0]} 1. d4 Nf6 2. c3 e6 3. Bg5 h6 4. Bh4 b6 5. Nd2 Bb7 6. Ngf3 c5 7. e3 Be7 8. Bd3 cxd4 9. cxd4 O-O {A46: 1 d4 Nf6 2 Nf3 e6: Torre, London and Colle Systems.} (9... g5 $5 {[%cal Rg5h4]} 10. Bg3 g4 $11) 10. O-O Nd5 11. Bg3 f5 {[#] White is slightly better.} 12. Rc1 $146 ({Predecessor:} 12. Ne5 Qe8 13. Rc1 Nc6 14. Ndf3 Nxe5 15. Nxe5 d6 16. Nf3 f4 17. exf4 Nxf4 18. Bxf4 Rxf4 {½-½ (48) Mallassagne,F (2149)-Fantinel,T (2375) Europe Echecs INT 2021}) 12... Nc6 13. Bb1 Nf6 (13... Nc7 $14 {might be stronger.}) 14. e4 $1 $16 fxe4 15. Nxe4 Nb4 {[#]} 16. Bc7 {White is more active.} Qe8 $1 $14 {[#]} 17. Nd6 ({White should try} 17. Nxf6+ $1 $16 Rxf6 18. Bg3) 17... Bxf3 $11 18. Qxf3 Qh5 $132 {[%mdl 2048] Black is not holding back} 19. Qg3 Nbd5 20. Nc4 Nxc7 21. Qxc7 Qd5 {And now ...Rac8 would win.} 22. Qe5 Kh8 (22... Rac8 $11 23. Ne3 Qa5) 23. Kh1 (23. Qxd5 $16 Nxd5 24. Ne5) 23... Kg8 24. Kg1 (24. Qe2 $14) 24... Kh8 $16 25. Kh1 ({Better is} 25. Qe2 $16) 25... Kg8 $11 26. Kg1 {Weighted Error Value: White=0.31/Black=0.18 (very precise)} 1/2-1/2

[Event "Marmaris Karya-13 IM 2022"]
[Site "Icmeler-Marmaris"]
[Date "2022.01.26"]
[Round "4.3"]
[White "Kaya, Serhat"]
[Black "Darban, Morteza"]
[Result "0-1"]
[WhiteElo "1705"]
[BlackElo "2261"]
[Annotator "TA"]
[PlyCount "55"]
[EventDate "2022.01.27"]
[EventType "schev"]
[EventCountry "TUR"]
[SourceTitle "playchess.com"]
[Source "ChessBase"]
[SourceQuality "1"]

{[%evp 9,55,11,17,-18,-18,-7,-14,-34,-21,-28,-32,-34,-10,-46,-52,-68,-55,-52,-52,-63,-58,-68,-54,-61,-61,-97,-96,-91,-86,-87,-119,-111,-124,-267,-268,-256,-192,-199,-221,-617,-591,-729,-722,-813,-793,-895,-876,-954]} 1. d4 Nf6 2. c4 e6 3. Nf3 d5 4. Bg5 Be7 5. Nc3 O-O 6. g3 {D53: Queen's Gambit Declined: 4 Bg5 Be7: Early deviations.} Nbd7 7. Bg2 dxc4 8. O-O {The position is equal.} Nd5 9. Bxe7 Qxe7 {[#]} 10. Qc2 $146 ({Predecessor:} 10. Nd2 N7b6 11. a3 c6 12. Qc2 Qf6 13. e3 Nxc3 14. Qxc3 Re8 15. Nxc4 Nd5 16. Qc2 {0-1 (60) Kretschmer,W (1685)-Ruderer,T (1730) Mittelfranken 2014}) 10... Rb8 11. e4 Nb4 12. Qd2 a6 13. a3 Nc6 14. Qf4 e5 15. dxe5 Ndxe5 16. Nd5 Qd6 17. Rfd1 b5 18. Nxe5 Nxe5 19. Nb4 Qe6 20. Rd5 f6 21. Qd2 {Loses the game.} (21. Qe3 $17) 21... Bb7 $19 22. Rd4 Qg4 {[#] And now ...c5 would win.} 23. Nd5 c5 24. Ne7+ $2 (24. h3 Qe6 25. Nf4) 24... Kf7 {Black is clearly winning.} 25. h3 Qe6 26. Rd6 Qxe7 27. f4 Nd3 28. e5 {Weighted Error Value: White=0.44/Black=0.05 (flawless)} 0-1